[Event "Santa Rosa op"]
[Site "Santa Rosa"]
[Date "2022.07.08"]
[Round "1"]
[White "Tornquist, Carlos"]
[Black "Olguin, Adolfo"]
[Result "1-0"]
[WhiteElo "1875"]
[BlackElo "1370"]
[PlyCount "99"]
[EventDate "2022.07.08"]
[EventType "swiss"]
[EventRounds "7"]
[EventCountry "ARG"]
[SourceTitle "CBM 209 Extra"]
[Source "ChessBase"]
[SourceDate "2022.09.30"]
[SourceVersion "1"]
[SourceVersionDate "2022.09.30"]
[SourceQuality "1"]

1. e4 d6 2. d4 g6 3. Nc3 Bg7 4. Be3 Nf6 5. f3 Nbd7 6. Qd2 h6 7. 0-0-0 a6 8. e5 Ng8 9. f4 Nb6 10. Nf3 Bd7 11. Rg1 Bb5 12. exd6 Qxd6 13. Ne5 Nf6 14. Bxb5+ axb5 15. Nxb5 Qd8 16. Qc3 Nfd5 17. Qb3 0-0 18. Bd2 c6 19. Nc3 Nxc3 20. Bxc3 Nd5 21. Bd2 Qc7 22. c4 Nb6 23. Kb1 Rfd8 24. Bb4 e6 25. g4 Nd7 26. Be7 Re8 27. Bb4 Nxe5 28. fxe5 c5 29. Bxc5 Qc6 30. Bd6 Qe4+ 31. Qd3 Qc6 32. Rgf1 Qb6 33. a3 Rec8 34. c5 Qa5 35. Qf3 Qb5 36. Qxf7+ Kh7 37. Qxe6 Re8 38. Qa2 Ra4 39. Rf7 Rg8 40. c6 Qe2 41. Rc1 bxc6 42. Qb3 Rxd4 43. Rxc6 Qe4+ 44. Qc2 Rd1+ 45. Ka2 Qd5+ 46. Qc4 Qh1 47. Rcc7 Ra1+ 48. Kb3 Qd1+ 49. Kb4 Qd2+ 50. Qc3 1-0

[Event "La Pampa op"]
[Site "La Pampa"]
[Date "2022.03.05"]
[Round "4"]
[White "Tornquist, Carlos"]
[Black "Falcinelli, Oscar"]
[Result "1-0"]
[WhiteElo "1858"]
[BlackElo "1925"]
[PlyCount "33"]
[EventDate "2022.03.04"]
[EventType "swiss"]
[EventRounds "7"]
[EventCountry "ARG"]
[SourceTitle "CBM 207 Extra"]
[Source "ChessBase"]
[SourceDate "2022.05.31"]
[SourceVersion "1"]
[SourceVersionDate "2022.05.31"]
[SourceQuality "1"]

1. e4 d5 2. exd5 Nf6 3. d4 Bg4 4. f3 Bf5 5. g4 Bg6 6. c4 e6 7. dxe6 Bb4+ 8. Bd2 Bxd2+ 9. Qxd2 Nc6 10. exf7+ Kxf7 11. Ne2 Qe7 12. Bg2 Nxd4 13. Qxd4 Rad8 14. Qxa7 Nxg4 15. fxg4 Qh4+ 16. Qf2+ Qxf2+ 17. Kxf2 1-0

[Event "Cordoba Region-ch 74th AAPC"]
[Site "Santa Cruz del Lago"]
[Date "2018.08.04"]
[Round "1.1"]
[White "Tornquist, Carlos"]
[Black "Hutt, Alejandro Gabriel"]
[Result "0-1"]
[WhiteElo "1807"]
[BlackElo "2031"]
[PlyCount "104"]
[EventDate "2018.08.04"]
[EventType "swiss"]
[EventRounds "6"]
[EventCountry "ARG"]
[SourceTitle "EXT 2024"]
[Source "ChessBase"]
[SourceDate "2023.10.10"]
[SourceVersion "1"]
[SourceVersionDate "2023.10.10"]
[SourceQuality "1"]

1. e4 g6 2. d4 Bg7 3. Nc3 c5 4. Nge2 cxd4 5. Nxd4 Nc6 6. Be3 Nf6 7. Nxc6 bxc6 8. e5 Ng8 9. Bd4 Qa5 10. e6 Nf6 11. exd7+ Bxd7 12. Bc4 0-0 13. 0-0 Rad8 14. Qe2 Bg4 15. Qe3 Qb4 16. b3 Bf5 17. Bc5 Qb7 18. Rac1 Ng4 19. Qg3 Ne5 20. Be2 Rfe8 21. Rfe1 Nd7 22. Ba3 Be5 23. Qe3 Qc7 24. g3 Nf6 25. Bc5 Nd7 26. Bf3 Bg7 27. Bxa7 Bxc3 28. Qxc3 Qxa7 29. Bxc6 Rc8 30. Qf3 Qc7 31. Bb5 Qc5 32. Bxd7 Bxd7 33. a4 Bc6 34. Qe3 Qd5 35. f3 Qxf3 36. Qxf3 Bxf3 37. Kf2 Bb7 38. c4 Bc6 39. a5 Rb8 40. Rb1 Rb4 41. Re5 Kf8 42. Rc5 Be4 43. Re1 f5 44. Rb5 Rb8 45. Rxb8+ Rxb8 46. Re3 Ke8 47. Rc3 Kd7 48. Ke3 e5 49. g4 Kc6 50. Kd2 Kc5 51. Rh3 fxg4 52. Rxh7 Rb7 0-1

[Event "Cordoba Jesus Maria op"]
[Site "Cordoba"]
[Date "2018.05.05"]
[Round "2"]
[White "Hutt, Alejandro Gabriel"]
[Black "Tornquist, Carlos"]
[Result "1-0"]
[WhiteElo "1984"]
[BlackElo "1853"]
[PlyCount "101"]
[EventDate "2018.05.05"]
[EventType "swiss"]
[EventRounds "6"]
[EventCountry "ARG"]
[SourceTitle "CBM 184 Extra"]
[Source "ChessBase"]
[SourceDate "2018.06.28"]
[SourceVersion "1"]
[SourceVersionDate "2018.06.28"]
[SourceQuality "1"]

1. e4 c5 2. Nc3 Nc6 3. f4 g6 4. Nf3 Bg7 5. Bc4 d6 6. 0-0 e6 7. d3 Nge7 8. Qe1 0-0 9. Qh4 d5 10. Bb3 b5 11. Nxb5 Qb6 12. c4 Nb4 13. Qxe7 Nxd3 14. e5 f6 15. Qc7 Rb8 16. Rd1 fxe5 17. fxe5 Nxe5 18. Qxb6 Nxf3+ 19. gxf3 Rxb6 20. Nc3 Rxf3 21. cxd5 Bd4+ 22. Kg2 Rf5 23. Rf1 Rh5 24. Bd1 Rf5 25. Rxf5 exf5 26. Bb3 Kg7 27. Na4 Ra6 28. Bf4 g5 29. Bc7 f4 30. Re1 Rh6 31. Be5+ Bxe5 32. Rxe5 Kf6 33. Re8 Bh3+ 34. Kg1 Bd7 35. Rf8+ Ke7 36. Ra8 Rh3 37. Nxc5 Bf5 38. Rxa7+ Kd6 39. Ne6 h6 40. Nd4 Bg4 41. Nb5+ Kc5 42. Nc3 Re3 43. Rc7+ Kd6 44. Rc6+ Ke5 45. Rxh6 Bh3 46. Bc4 g4 47. Re6+ Kd4 48. Rxe3 Kxe3 49. d6 f3 50. Nd5+ Kd2 51. Kf2 1-0

[Event "ARG-ch sf U2300 Grau Memorial"]
[Site "Jesus Maria"]
[Date "2018.03.31"]
[Round "4.3"]
[White "Baudagna, Rodrigo"]
[Black "Tornquist, Carlos"]
[Result "0-1"]
[WhiteElo "1541"]
[BlackElo "1862"]
[PlyCount "86"]
[EventDate "2018.03.30"]
[EventType "swiss"]
[EventRounds "6"]
[EventCountry "ARG"]
[SourceTitle "EXT 2024"]
[Source "ChessBase"]
[SourceDate "2023.10.10"]
[SourceVersion "1"]
[SourceVersionDate "2023.10.10"]
[SourceQuality "1"]

1. e4 c5 2. Nc3 Nc6 3. Bb5 Nd4 4. Bc4 g6 5. f4 Bg7 6. d3 d6 7. Nf3 Bg4 8. Bxf7+ Kxf7 9. Ng5+ Ke8 10. Qxg4 Nxc2+ 11. Kd1 Nxa1 12. Ne6 Qc8 13. Nxg7+ Kf7 14. Qg3 Kxg7 15. Bd2 Nf6 16. Kc1 Qg4 17. Qxg4 Nxg4 18. Nd1 Rhc8 19. Bc3+ Kf7 20. h3 Nf6 21. Nf2 d5 22. g4 d4 23. Bd2 c4 24. Kb1 cxd3 25. Kxa1 Rc2 26. Rd1 Rac8 27. Kb1 R2c5 28. Nxd3 Rb5 29. Re1 Nd7 30. h4 Nb6 31. f5 Nc4 32. Re2 gxf5 33. exf5 Rg8 34. Bg5 h6 35. Rxe7+ Kf8 36. Rc7 hxg5 37. Rxc4 gxh4 38. Rxd4 h3 39. Nf2 h2 40. Rd1 Re5 41. Rh1 Rh8 42. Kc1 Re2 43. Nd3 Rg2 0-1

[Event "Villa Maria U2200"]
[Site "Villa Maria"]
[Date "2017.10.07"]
[Round "3.2"]
[White "Gimenez, Ismael"]
[Black "Tornquist, Carlos"]
[Result "1/2-1/2"]
[WhiteElo "2171"]
[BlackElo "1867"]
[PlyCount "32"]
[EventDate "2017.10.07"]
[EventType "swiss"]
[EventRounds "6"]
[EventCountry "ARG"]
[SourceTitle "EXT 2024"]
[Source "ChessBase"]
[SourceDate "2023.10.10"]
[SourceVersion "1"]
[SourceVersionDate "2023.10.10"]
[SourceQuality "1"]

1. Nf3 c5 2. b3 Nc6 3. Bb2 d6 4. c4 e5 5. Nc3 Nf6 6. g3 h6 7. d3 g6 8. Bg2 Bg7 9. 0-0 0-0 10. e3 Be6 11. e4 Qd7 12. Nd5 Bg4 13. Qd2 Bxf3 14. Bxf3 Nxd5 15. cxd5 Nd4 16. Bg2 Rac8 1/2-1/2

[Event "Villa Maria U2200"]
[Site "Villa Maria"]
[Date "2017.10.07"]
[Round "2.9"]
[White "Tornquist, Carlos"]
[Black "Allasia, Jesus"]
[Result "1-0"]
[WhiteElo "1867"]
[BlackElo "1724"]
[PlyCount "103"]
[EventDate "2017.10.07"]
[EventType "swiss"]
[EventRounds "6"]
[EventCountry "ARG"]
[SourceTitle "EXT 2024"]
[Source "ChessBase"]
[SourceDate "2023.10.10"]
[SourceVersion "1"]
[SourceVersionDate "2023.10.10"]
[SourceQuality "1"]

1. e4 c6 2. d4 d5 3. Nc3 dxe4 4. Nxe4 Bf5 5. Ng3 Bg6 6. h4 h6 7. Nf3 Nd7 8. h5 Bh7 9. Bd3 Bxd3 10. Qxd3 e6 11. Bf4 Bb4+ 12. c3 Be7 13. 0-0-0 Ngf6 14. Qe2 0-0 15. Ne5 Nd5 16. Bd2 a5 17. f4 a4 18. Ne4 a3 19. b3 Nxe5 20. dxe5 b5 21. g4 Kh8 22. g5 Rg8 23. Qg4 Qc8 24. g6 f5 25. exf6 Nxf6 26. Nxf6 Bxf6 27. Rhe1 Re8 28. Re4 c5 29. Be1 c4 30. b4 Qc6 31. Qe2 Rad8 32. Rxd8 Bxd8 33. Kc2 Bf6 34. Bf2 Qd5 35. Bd4 Bxd4 36. Rxd4 Qf5+ 37. Re4 Rd8 38. Kc1 Rd3 39. Kc2 Rh3 40. Kd2 Rd3+ 41. Kc2 Rh3 42. Kd2 Rh2 43. Qxh2 Qxe4 44. Qg3 Qb1 45. Qf3 Qb2+ 46. Ke1 Qc1+ 47. Kf2 Qd2+ 48. Kg3 Qd5 49. Qxd5 exd5 50. Kf3 Kg8 51. Ke3 Kf8 52. Kd4 1-0

[Event "ARG-ch sf U2300 Ariel Petrocelli"]
[Site "Salta"]
[Date "2017.07.08"]
[Round "1.1"]
[White "Tornquist, Carlos"]
[Black "Rodriguez, Alberto2222"]
[Result "0-1"]
[WhiteElo "1815"]
[BlackElo "2171"]
[PlyCount "89"]
[EventDate "2017.07.08"]
[EventType "swiss"]
[EventRounds "6"]
[EventCountry "ARG"]
[SourceTitle "EXT 2024"]
[Source "ChessBase"]
[SourceDate "2023.10.10"]
[SourceVersion "1"]
[SourceVersionDate "2023.10.10"]
[SourceQuality "1"]

1. e4 c5 2. Nf3 e6 3. d4 cxd4 4. Nxd4 Nc6 5. Nc3 d6 6. Be3 Nf6 7. Qd2 Be7 8. f3 Bd7 9. g4 a6 10. 0-0-0 b5 11. Qf2 Ne5 12. Bd3 Nfxg4 13. fxg4 Nxg4 14. Qg3 Nxe3 15. Rde1 Nc4 16. Qxg7 Bg5+ 17. Kb1 Qf6 18. Qxf6 Bxf6 19. Nce2 Ke7 20. Bxc4 bxc4 21. c3 Rhg8 22. Ng3 Be5 23. Nc2 a5 24. Ne3 Rac8 25. Nc2 Bc6 26. Na3 Bb7 27. Nb5 Rg4 28. Na7 Rcg8 29. Kc1 R8g5 30. a4 h5 31. Nb5 h4 32. Ne2 Bxe4 33. Rhf1 f5 34. Ned4 Bxh2 35. Na3 d5 36. Nc6+ Kf6 37. Nxa5 Rg2 38. N5xc4 Bd3 39. Ne3 Bxf1 40. Rxf1 Rg1 41. Nac2 Rxf1+ 42. Nxf1 Rg1 43. Nce3 f4 44. Kc2 fxe3 45. Nxe3 0-1